CREAMIX(HTML5 Facebook Application) (Record no. 590017)
[ view plain ]
| 000 -LEADER | |
|---|---|
| fixed length control field | 00529nam a22001817a 4500 |
| 003 - CONTROL NUMBER IDENTIFIER | |
| control field | NUST |
| 038 ## - RECORD CONTENT LICENSOR | |
| Staff Name | Nusrat Nadeem |
| 040 ## - CATALOGING SOURCE | |
| Transcribing agency | Central Library |
| 082 ## - DEWEY DECIMAL CLASSIFICATION NUMBER | |
| Classification number | BIT-10 |
| 100 ## - MAIN ENTRY--PERSONAL NAME | |
| Personal name | Fatima Sabir,Madeeha Nasir,Wajeeha Hassan Zaidi |
| 9 (RLIN) | 91893 |
| 245 ## - TITLE STATEMENT | |
| Title | CREAMIX(HTML5 Facebook Application) |
| 260 ## - PUBLICATION, DISTRIBUTION, ETC. | |
| Place of publication, distribution, etc. | Islamabad: |
| Name of publisher, distributor, etc. | NUST SEECS, |
| Date of publication, distribution, etc. | 2013 |
| 300 ## - PHYSICAL DESCRIPTION | |
| Extent | 58,pages, |
| Other physical details | HB |
| Dimensions | 25,cm. |
| 563 ## - BINDING INFORMATION | |
| Binding note | HB |
| 700 ## - ADDED ENTRY--PERSONAL NAME | |
| Personal name | Supervisor: Mujtaba Haider |
| 9 (RLIN) | 91894 |
| 856 ## - ELECTRONIC LOCATION AND ACCESS | |
| Uniform Resource Identifier | <a href="http://10.250.8.41:8080/xmlui/handle/123456789/28896">http://10.250.8.41:8080/xmlui/handle/123456789/28896</a> |
| 942 ## - ADDED ENTRY ELEMENTS (KOHA) | |
| Source of classification or shelving scheme | |
| Koha item type | Thesis |
| Withdrawn status | Lost status | Source of classification or shelving scheme | Damaged status | Not for loan | Permanent Location | Current Location | Date acquired | Full call number | Barcode | Date last seen | Price effective from | Koha item type |
|---|---|---|---|---|---|---|---|---|---|---|---|---|
| WITHDRAWN | Central Library (CL) | Central Library (CL) | 05/27/2022 | BIT-10 | SEECSP01424 | 05/27/2022 | 05/27/2022 | Thesis |
